|
|
|
|
| LEADER |
00000nam2a2200000 4500 |
| 001 |
341006 |
| 005 |
20231102005312.0 |
| 035 |
|
|
|a (RuTPU)RU\TPU\book\368194
|
| 035 |
|
|
|a RU\TPU\book\368193
|
| 090 |
|
|
|a 341006
|
| 100 |
|
|
|a 20180517d2018 k y0rusy50 ca
|
| 101 |
0 |
|
|a rus
|
| 102 |
|
|
|a RU
|
| 105 |
|
|
|a a z 001zy
|
| 200 |
0 |
|
|a № 1 (70)
|
| 210 |
|
|
|d 2018
|
| 215 |
|
|
|a 188 с.
|c ил.
|
| 320 |
|
|
|a Библиография в конце статей
|
| 461 |
|
1 |
|0 (RuTPU)RU\TPU\book\44599
|t Научный вестник НГТУ
|o [сборник статей]
|f Новосибирский государственный технический университет
|v № 1 (70)
|d 1998-2020
|
| 606 |
1 |
|
|a Технические системы
|x Автоматика
|2 stltpush
|3 (RuTPU)RU\TPU\subj\67451
|9 83244
|
| 610 |
1 |
|
|a информатика
|
| 610 |
1 |
|
|a вычислительная техника
|
| 610 |
1 |
|
|a управление
|
| 610 |
1 |
|
|a приборостроение
|
| 610 |
1 |
|
|a метрология
|
| 610 |
1 |
|
|a информационно-измерительные приборы
|
| 610 |
1 |
|
|a информационно-измерительные системы
|
| 610 |
1 |
|
|a данные
|
| 610 |
1 |
|
|a большие объемы
|
| 610 |
1 |
|
|a обработка
|
| 610 |
1 |
|
|a оптические двухкаскадные коммутационные системы
|
| 610 |
1 |
|
|a объекты
|
| 610 |
1 |
|
|a неточные входные сигналы
|
| 610 |
1 |
|
|a непараметрическая идентификация
|
| 610 |
1 |
|
|a электроприводы переменного тока
|
| 610 |
1 |
|
|a многомерное управление
|
| 675 |
|
|
|a 681.51
|v 4
|
| 801 |
|
1 |
|a RU
|b 63413507
|c 20170831
|
| 801 |
|
2 |
|a RU
|b 63413507
|c 20231009
|g RCR
|
| 942 |
|
|
|c BK
|